| Tag |
First Indicator |
Second Indicator |
Subfields |
| LEADER |
00000cam a2200000 a 4500 |
| 001 |
in00000015849 |
| 005 |
20151007052621.0 |
| 008 |
870413s1986 miu b 00000 eng d |
| 035 |
|
|
|a (OCoLC)15522009
|
| 035 |
|
|
|9 AAA8529AM
|
| 040 |
|
|
|a EYW
|c EYW
|d m/c
|d TXA
|d UtOrBLW
|
| 049 |
|
|
|a TXAM
|c [A11042931]
|
| 050 |
|
4 |
|a KF4124.Z9
|b C47 1986
|
| 245 |
0 |
4 |
|a The Church, the state and the schools :
|b contemporary issues in law and policy /
|c Charles B. Vergon, editor ; contributors, Linda Bruin [and others].
|
| 264 |
|
1 |
|a Ann Arbor, MI :
|b University of Michigan School of Education,
|c 1986.
|
| 300 |
|
|
|a vi, 163 pages ;
|c 23 cm.
|
| 336 |
|
|
|a text
|b txt
|2 rdacontent
|
| 337 |
|
|
|a unmediated
|b n
|2 rdamedia
|
| 338 |
|
|
|a volume
|b nc
|2 rdacarrier
|
| 504 |
|
|
|a Bibliography: pages 123-128.
|
| 650 |
|
0 |
|a Religious education
|x Law and legislation
|z United States.
|
| 650 |
|
0 |
|a Religious education
|z Michigan.
|
| 650 |
|
0 |
|a Education and state
|z Michigan.
|
| 650 |
|
0 |
|a Church and education
|z Michigan.
|
| 650 |
|
0 |
|a Church and state
|z Michigan.
|
| 700 |
1 |
|
|a Vergon, Charles B.
|
| 710 |
2 |
|
|a University of Michigan.
|b School of Education.
|
| 999 |
|
|
|a MARS
|
| 999 |
f |
f |
|s 133d9be1-a7e0-3796-9621-8705b97c1946
|i 6c154efd-7a5a-3b40-b24f-56f7240e8e6a
|t 0
|
| 952 |
f |
f |
|p normal
|a Texas A&M University
|b College Station
|c Sterling C. Evans Library
|s Evans stk
|d Evans: Library Stacks
|t 0
|e KF4124.Z9 C47 1986
|h Library of Congress classification
|i unmediated -- volume
|m A14811042931
|
| 998 |
f |
f |
|a KF4124.Z9 C47 1986
|t 0
|l Evans: Library Stacks
|